DEALING with the Malaysian civil service

Bibliographic Details
Corporate Author: Malaysia
Format: Book
Published: Petaling Jaya, Selangor : Pelanduk Pub. , 1993 (1994)
Edition:2nd ed.
Subjects:

MARC

LEADER 00000cam a2200000 7i4500
001 0000000649
005 20000919.0
020 0 0 |a 9679784665 
090 0 0 |a 354.595025   |b DEA 1993 
245 0 0 |a DEALING with the Malaysian civil service 
250 0 0 |a 2nd ed. 
260 0 0 |a Petaling Jaya, Selangor :   |b Pelanduk Pub. ,   |c 1993 (1994) 
300 |a 634 p. ;   |c 24 cm. 
650 0 0 |a Administrative agencies   |z Malaysia   |x Directories 
650 0 0 |a Executive department   |z Malaysia   |x Directories 
710 1 1 |a Malaysia ,   |c Malaysian Administrative Modernisation and Management Planning Unit (MAMPU) 
999 |a 0000000172   |b Monograph   |c Open Shelf   |e Default branch 
999 |a 0000000668   |b Monograph   |c Reference   |e Default branch 
999 |a 0000003762   |b Monograph   |c Open Shelf   |e Default branch